Guess the Fortnite Player Placements on EU - Statistics

General Stats
  • This quiz has been taken 3 times
  • The average score is 70 of 192
Answer Stats
Placements Country Active in Grands First Letter Status Players % Correct
1st, 1st, 3rd, 3rd, 4th, 8th, 14th, 23rd, 23rd Austria ๐Ÿ‡ฆ๐Ÿ‡น 2019-2024 A Retired Aqua
100%
1st, 1st, 2nd, 3rd, 5th, 6th, 7th, 8th, 14th, 19th, 28th, 32nd Austria ๐Ÿ‡ฆ๐Ÿ‡น 2022-2026 V Active Vic0
100%
5th, 21st, 25th, 26th, 30th, 31st Russia ๐Ÿ‡ท๐Ÿ‡บ 2021-2026 1 Active 1lusha
67%
13th, 15th, 21st, 26th, 39th, 42nd France ๐Ÿ‡ซ๐Ÿ‡ท 2023-2026 A Active Akiira
67%
2nd, 3rd, 3rd, 4th, 5th, 7th, 8th, 8th, 8th, 10th, 16th, 20th, 28th, 57th Denmark ๐Ÿ‡ฉ๐Ÿ‡ฐ 2019-2023 A Active Anas
67%
1st, 2nd, 4th, 5th, 7th, 7th, 9th, 10th, 11thh, 12th, 13th, 15th, 17th, 19th, 19th, 20th, 29th, 34th France ๐Ÿ‡ซ๐Ÿ‡ท 2019-2024 A Active Andilex
67%
11th, 21st, 22nd, 28th, 30th, 31st, 31st, 32nd, 41st, 41st Italy ๐Ÿ‡ฎ๐Ÿ‡น 2022-2026 B Active Belusi
67%
2nd, 2nd, 9th, 15th, 17th, 25th Switzerland ๐Ÿ‡จ๐Ÿ‡ญ 2024-2026 C Active Chap
67%
1st, 1st, 2nd, 5th, 7th, 8th, 12th, 16th, 23rd, 30th, 31st, 40th, 44th, 45th, 49th Sweden ๐Ÿ‡ธ๐Ÿ‡ช 2019-2024 C Retired Chapix
67%
6th, 8th, 8th, 9th, 13th, 14th, 14th, 21st, 31st, 33rd, 40th Poland ๐Ÿ‡ต๐Ÿ‡ฑ 2022-2026 C Active Charyy
67%
2nd, 5th, 5th, 7th, 7th, 8th, 10th, 11th, 11th, 12th, 45th Bosnia and Herzegovina ๐Ÿ‡ง๐Ÿ‡ฆ 2021-2025 C Active Chico
67%
3rd, 5th, 7th, 17th Poland ๐Ÿ‡ต๐Ÿ‡ฑ 2025-2026 D Active Darm
67%
3rd, 5th, 7th, 17th Poland ๐Ÿ‡ต๐Ÿ‡ฑ 2025-2026 D Active Demus
67%
2nd, 7th, 8th, 8th, 8th, 8th, 9th, 11th, 12th, 15th, 15th, 19th, 23rd, 26th, 32nd, 36th, 39th, 43rd, 45th, 57th, 65th, Norway ๐Ÿ‡ณ๐Ÿ‡ด 2021-2025 M Active MrSavage
67%
2nd, 2nd, 5th, 11th, 15th, 21st, 23rd, 23rd, 35th Norway ๐Ÿ‡ณ๐Ÿ‡ด 2019-2022 E Retired Endretta
67%
1st, 1st, 2nd, 6th, 6th, 16th, 17th, 20th, 25th, 40th, 42nd, 43rd Germany ๐Ÿ‡ฉ๐Ÿ‡ช 2022-2026 F Active Flickzy
67%
4th, 6th, 7th, 12th, 17th, 19th, 19th, 25th, 26th, 35th, 53rd, France ๐Ÿ‡ซ๐Ÿ‡ท 2020-2023 F Active Floki
67%
15th, 15th, 15th, 26th, 30th, 32nd, 36th Sweden ๐Ÿ‡ธ๐Ÿ‡ช 2021-2026 F Active Fnajen
67%
4th, 6th, 22nd, 27th Israel ๐Ÿ‡ฎ๐Ÿ‡ฑ 2024-2026 F Active Focus
67%
1st, 2nd, 12th, 22nd, 22nd, 24th, 39th Denmark ๐Ÿ‡ฉ๐Ÿ‡ฐ 2021-2025 F Active Fredoxie
67%
7th, 8th, 8th, 9th, 9th, 11th, 11th, 12th, 13th, 17th, 17th, 32nd, 42nd, 44th, 47th Norway ๐Ÿ‡ณ๐Ÿ‡ด 2020-2026 I Active IDrop
67%
1st, 1st, 1st, 2nd, 3rd, 4th, 4th, 7th, 8th, 8th, 9th, 14th, 15th, 15th, 16th, 17th, 20th, 25th, 27th, 33rd, 38th, 39th Germany ๐Ÿ‡ฉ๐Ÿ‡ช 2019-2026 J Active JannisZ
67%
11th, 35th, 41st, 50th Spain ๐Ÿ‡ช๐Ÿ‡ธ 2023 J Active JarKo
67%
1st, 2nd, 3rd, 4th, 4th, 4th, 5th, 5th, 5th, 6th, 8th, 9th, 9th, 11th, 14th, 20th, 21st, 23rd, 33rd, 36th, 41st, 48th Poland ๐Ÿ‡ต๐Ÿ‡ฑ 2020-2026 K Active Kami
67%
6th, 20th, 40th, 45th Ukraine ๐Ÿ‡บ๐Ÿ‡ฆ 2024-2026 K Active Kantri
67%
11th, 35th Spain ๐Ÿ‡ช๐Ÿ‡ธ 2025 K Active Kiire
67%
1st, 2nd, 5th, 6th, 7th, 20th, 26th, 29th, 57th, 74th, 97th Russia ๐Ÿ‡ท๐Ÿ‡บ 2019-2022 K Retired Kiryache
67%
13th, 15th, 39th France ๐Ÿ‡ซ๐Ÿ‡ท 2025-2026 K Active Kurama
67%
1st, 2nd, 2nd, 2nd, 3rd, 3rd, 4th, 4th, 4th, 6th, 7th, 11th, 15th, 19th, 23rd, 27th, 28th, 46th Russia ๐Ÿ‡ท๐Ÿ‡บ 2021-2026 M Active Malibuca
67%
1st, 3rd, 3rd, 4th, 12th, 13th, 36th Denmark ๐Ÿ‡ฉ๐Ÿ‡ฐ 2023-2026 M Active MariusCOW
67%
5th, 12th, 16th, 23rd, 23rd, 29th, 71st Netherlands ๐Ÿ‡ณ๐Ÿ‡ฑ 2019-2021 M Retired Matsoe
67%
1st, 1st, 2nd, 2nd, 4th, 4th, 4th, 5th, 6th, 7th, 7th, 15th, 15th, 23rd, 27th, 28th Latvia ๐Ÿ‡ฑ๐Ÿ‡ป 2021-2025 M Active Merstach
67%
1st, 10th, 13th, 18th, 25th, 41st Netherlands ๐Ÿ‡ณ๐Ÿ‡ฑ 2019-2021 M Retired Mitr0
67%
15th, 26th, 31st, 36th, 36th Sweden ๐Ÿ‡ธ๐Ÿ‡ช 2023-2026 M Active Moneymaker
67%
1st, 2nd, 8th, 10th, 16th, 26th, 39th United Kingdom ๐Ÿ‡ฌ๐Ÿ‡ง 2019-2025 M Active Mongraal
67%
11th, 41st, 49th Spain ๐Ÿ‡ช๐Ÿ‡ธ 2022 N Active Nakoo
67%
1st, 2nd, 3rd, 13th, 27th, 54th, 74th France ๐Ÿ‡ซ๐Ÿ‡ท 2019-2021 N Retired nayte
67%
3rd, 4th, 5th, 8th, 14th, 15th, 17th, 18th, 22nd, 23rd, 35th, 47th, 72nd, 83rd Switzerland ๐Ÿ‡จ๐Ÿ‡ญ 2020-2026 N Active Noahreyli
67%
2nd, 4th, 7th, 12th, 15th, 16th, 23rd, 29th Ukraine ๐Ÿ‡บ๐Ÿ‡ฆ 2021-2025 P Active P1ng
67%
1st, 2nd, 2nd, 6th, 8th, 12th, 17th, 18th, 18th, 24th, 26th, 31st, 34th, 54th Denmark ๐Ÿ‡ฉ๐Ÿ‡ฐ 2020-2026 P Active PabloWingu
67%
3rd, 5th, 5th, 7th, 8th, 8th, 10th, 12th, 14th, 15th, 18th, 20th, 21st, 25th, 65th, 71st United Kingdom ๐Ÿ‡ฌ๐Ÿ‡ง 2020-2025 P Active Pinq
67%
1st, 3rd, 3rd, 5th, 8th, 10th, 16th, 21st, 22nd Sweden ๐Ÿ‡ธ๐Ÿ‡ช 2023-2026 P Active Pixie
67%
3rd, 5th, 17th Poland ๐Ÿ‡ต๐Ÿ‡ฑ 2025-2025 P Active Pixx
67%
7th, 17th, 18th, 26th, 27th, 27th, 31st, 31st, 33rd, 38th France ๐Ÿ‡ซ๐Ÿ‡ท 2021-2025 P Active Podasai
67%
1st, 5th, 9th, 10th, 11th, 20th, 21st, 24th, 28th, 30th, 30th, 45th Russia ๐Ÿ‡ท๐Ÿ‡บ 2019-2024 P Retired Putrick
67%
1st, 1st, 1st, 2nd, 2nd, 3rd, 3rd, 4th, 4th, 5th, 7th, 7th, 8th, 8th, 9th, 13th, 15th, 29th, 30th, 32nd, 35th Serbia ๐Ÿ‡ท๐Ÿ‡ธ 2020-2025 Q Active Queasy
67%
3rd, 3rd, 4th, 5th, 5th, 5th, 6th, 7th, 7th, 7th, 9th, 10th, 14th, 14th, 14th, 16th, 18th, 19th, 26th, 35th Germany ๐Ÿ‡ฉ๐Ÿ‡ช 2020-2026 R Active Rezon
67%
9th Spain ๐Ÿ‡ช๐Ÿ‡ธ 2026-2026 S Active Scary
67%
1st, 2nd, 3rd, 4th, 4th, 4th, 5th, 5th, 6th, 9th, 9th, 13th, 21st, 23rd, 24th, 33rd, 44th, 48th, 66th, Poland ๐Ÿ‡ต๐Ÿ‡ฑ 2020-2025 S Active Setty
67%
5th, 10th, 16th France ๐Ÿ‡ซ๐Ÿ‡ท 2024-2025 S Active Seyyto
67%
5th, 22nd, 22nd Romania ๐Ÿ‡ท๐Ÿ‡ด 2025-2026 S Active Shxrk
67%
21st, 30th, 42nd France ๐Ÿ‡ซ๐Ÿ‡ท 2023-2026 S Active Skyjump
67%
1st, 1st, 3rd, 4th, 5th, 7th, 9th, 16th, 21st, 26th Russia ๐Ÿ‡ท๐Ÿ‡บ 2021-2026 S Active Swizzy
67%
9th Spain ๐Ÿ‡ช๐Ÿ‡ธ 2026-2026 S Active Syaaz
67%
2nd, 2nd, 3rd, 5th, 12th, 16th, 25th, 36th, 37th Slovenia ๐Ÿ‡ธ๐Ÿ‡ฎ 2023-2026 T Active T3eny
67%
1st, 1st, 1st, 1st, 1st, 2nd, 2nd, 3rd, 3rd, 5th, 5th, 5th, 7th, 7th, 8th, 11th, 15th, 15th, 16th, 23rd, 33rd Slovenia ๐Ÿ‡ธ๐Ÿ‡ฎ 2020-2025 T Active TaySon
67%
1st, 2nd, 4th, 5th, 6th, 20th, 24th, 25th, 60th Poland ๐Ÿ‡ต๐Ÿ‡ฑ 2019-2022 T Retired Teeq
67%
2nd, 2nd, 2nd, 3rd, 3rd, 3rd, 3rd, 3rd, 4th, 4th, 4th, 6th, 7th, 8th, 8th, 9th, 9th, 11th, 18th, 18th, 35th Denmark ๐Ÿ‡ฉ๐Ÿ‡ฐ 2019-2026 T Active Th0masHD
67%
1st, 2nd, 2nd, 12th, 20th, 49th Denmark ๐Ÿ‡ฉ๐Ÿ‡ฐ 2024-2026 T Active Tjino
67%
1st, 5th, 6th, 11th, 29th, 30th, 35th, 37th, 39th, Russia ๐Ÿ‡ท๐Ÿ‡บ 2020-2026 T Active Toose
67%
1st, 2nd, 2nd, 5th, 7th, 8th, 10th, 11th, 12th, 12th, 15th, 15th, 22nd, 25th, 43rd, 45th, 62nd Serbia ๐Ÿ‡ท๐Ÿ‡ธ 2020-2025 T Active Trulex
67%
5th, 12th, 16th, 19th, 23rd, 29th, 94th Netherlands ๐Ÿ‡ณ๐Ÿ‡ฑ 2019-2021 U Retired Umplify
67%
1st, 3rd, 4th, 4th, 5th, 5th, 7th, 7th, 8th, 8th, 13th, 14th, 14th, 17th, 19th, 21st, 28th, 34th, 43rd Germany ๐Ÿ‡ฉ๐Ÿ‡ช 2020-2025 V Active Vadeal
67%
1st, 1st, 3rd, 3rd, 3rd, 4th, 14th, 21st, 25th, 29th, 29th, 38th Ukraine ๐Ÿ‡บ๐Ÿ‡ฆ 2021-2025 V Active Vanyak3kk
67%
1st, 1st, 1st, 2nd, 2nd, 3rd, 4th, 5th, 6th, 11th, 12th, 15th, 20th United Kingdom ๐Ÿ‡ฌ๐Ÿ‡ง 2021-2025 V Active Veno
67%
2nd, 2nd, 6th United Kingdom ๐Ÿ‡ฌ๐Ÿ‡ง 2019-2021 W Retired Wolfiez
67%
2nd, 4th, 7th, 9th, 12th France ๐Ÿ‡ซ๐Ÿ‡ท 2020-2025 X Active xsweeze
67%
18th, 19th, 21st, 22nd, 28th Italy ๐Ÿ‡ฎ๐Ÿ‡น 2023-2026 Z Active Zangi
67%
3rd, 9th Switzerland ๐Ÿ‡จ๐Ÿ‡ญ 2021-2022 4 Retired 4zr
33%
13th, 16th, 21st, 23rd Austria ๐Ÿ‡ฆ๐Ÿ‡น 2023-2024 A Active Asa
33%
6th, 15th, 15th, 21st, 31st, 48th United Kingdom ๐Ÿ‡ฌ๐Ÿ‡ง 2020-2022 A Retired AstroSMZ
33%
6th, 13th, 14th, 27th, 28th, 29th, 30th, 32nd, 35th Sweden ๐Ÿ‡ธ๐Ÿ‡ช 2021-2025 A Active Axeforce
33%
9th, 11th, 20th, 26th, 30th, 33rd, 33rd, 34th, 47th France ๐Ÿ‡ซ๐Ÿ‡ท 2019-2023 B Active BadSniper
33%
2nd, 5th, 8th, 10th, 15th, 23rd, 25th, 36th, 45th, 56th, 59th 70th United Kingdom ๐Ÿ‡ฌ๐Ÿ‡ง 2019-2022 B Retired benjyfishy
33%
5th, 9th, 14th, 17th, 21st, 26th, 30th, 32nd Poland ๐Ÿ‡ต๐Ÿ‡ฑ 2021-2025 B Active Blacha
33%
11th, 38th, 47th Belgium ๐Ÿ‡ง๐Ÿ‡ช 2024 C Active Casperinovic
33%
4th, 6th, 7th, 9th, 11th, 12th, 17th, 18th, 19th, 25th, 32nd, 35th, 39th, 52nd, 94th, 98th France ๐Ÿ‡ซ๐Ÿ‡ท 2019-2025 C Active Clement
33%
3rd, 6th, 13th, 13th, 15th, 24th, 41st United Kingdom ๐Ÿ‡ฌ๐Ÿ‡ง 2019-2021 C Retired Crr
33%
6th, 10th, 13th, 27th, 37th, 46th United Kingdom ๐Ÿ‡ฌ๐Ÿ‡ง 2023-2025 C Active Czb
33%
2nd, 4th, 6th, 9th, 12th, 17th, 19th, 22nd, 26th, 30th, 32nd, 37th, 39th France ๐Ÿ‡ซ๐Ÿ‡ท 2020-2024 D Retired Decyptos
33%
1st, 9th, 9th, 11th, 13th, 34th Denmark ๐Ÿ‡ฉ๐Ÿ‡ฐ 2024-2026 S Active Scroll
33%
2nd, 9th, 13th, 13th, 17th, 46th, 58th Denmark ๐Ÿ‡ฉ๐Ÿ‡ฐ 2019-2021 E Retired elokratz
33%
6th, 20th, 30th Ukraine ๐Ÿ‡บ๐Ÿ‡ฆ 2025 F Active F1n4ik
33%
30th Czechia ๐Ÿ‡จ๐Ÿ‡ฟ 2026 F Active F1shyXX
33%
15th, 45th Romania ๐Ÿ‡ท๐Ÿ‡ด 2025-2026 F Active Faded
33%
3rd, 8th, 9th, 10th, 11th, 14th, 19th, 20th, 20th, 20th, 25th, 27th, 27th, 28th, 29th, 29th, 44th, 81st Germany ๐Ÿ‡ฉ๐Ÿ‡ช 2021-2025 F Active Fastroki
33%
2nd, 3rd, 4th, 6th, 73rd Denmark ๐Ÿ‡ฉ๐Ÿ‡ฐ 2020-2021 F Retired Flikk
33%
2nd, 5th, 9th, 16th, 18th, 19th, 21st, 80th Denmark ๐Ÿ‡ฉ๐Ÿ‡ฐ 2020-2022 F Retired FlowiS
33%
14th, 17th, 19th, 25th Poland ๐Ÿ‡ต๐Ÿ‡ฑ 2025-2026 F Active Franek
33%
6th, 8th, 13th, 14th, 14th, 19th, 31st, 33rd Poland ๐Ÿ‡ต๐Ÿ‡ฑ 2023-2025 G Active G13ras
33%
14th, 27th, 31st, 41st, 46th, 46th Italy ๐Ÿ‡ฎ๐Ÿ‡น 2022-2025 G Active Gabix
33%
25th Greece ๐Ÿ‡ฌ๐Ÿ‡ท 2025 G Active Ghost
33%
2nd, 9th, 12th, 13th, 18th, 18th, 19th, 20th, 20th, 29th, 40th Denmark ๐Ÿ‡ฉ๐Ÿ‡ฐ 2020-2025 H Active Hellfire
33%
1st, 1st, 1st, 4th, 7th, 8th, 8th, 9th, 10th, 26th, 27th, 32nd, 45th United Kingdom ๐Ÿ‡ฌ๐Ÿ‡ง 2020-2024 H Semi-Retired Hen
33%
11th, 19th, 26th, 27th, 29th, 30th, 31st, 32nd, 32nd, 44th, 46th Germany ๐Ÿ‡ฉ๐Ÿ‡ช 2020-2026 H Active Hijoe
33%
2nd, 13th, 13th, 17th, 66th Denmark ๐Ÿ‡ฉ๐Ÿ‡ฐ 2021 H Retired Hottie
33%
5th, 7th, 16th, 35th, 35th North Macedonia ๐Ÿ‡ฒ๐Ÿ‡ฐ 2024-2025 H Active Hris
33%
13th, 14th, 17th, 30th, 32nd, 38th Czechia ๐Ÿ‡จ๐Ÿ‡ฟ 2019-2026 H Active Huty
33%
25th Finland ๐Ÿ‡ซ๐Ÿ‡ฎ 2025 H Active hyperr
33%
4th, 10th, 23rd, 27th, 28th, 37th Poland ๐Ÿ‡ต๐Ÿ‡ฑ 2022-2026 J Active Japko
33%
4th, 9th, 12th, 12th, 14th, 16th, 25th, 51st United Kingdom ๐Ÿ‡ฌ๐Ÿ‡ง 2021-2022 J Retired JoeFN
33%
24th, 25th Finland ๐Ÿ‡ซ๐Ÿ‡ฎ 2025 J Active Julle
33%
1st, 9th, 12th, 15th, 17th, 22nd, 93rd Croatia ๐Ÿ‡ญ๐Ÿ‡ท 2021-2023 J Retired Jur3ky
33%
5th, 6th, 9th, 9th, 13th, 15th, 17th, 19th, 26th, 30th, 63rd Slovenia ๐Ÿ‡ธ๐Ÿ‡ฎ 2019-2022 K Retired k1nzell
33%
3rd, 12th, 16th, 19th, 42nd Germany ๐Ÿ‡ฉ๐Ÿ‡ช 2022-2025 K Active Kiduoo
33%
14th, 21st, 25th, 26th, 30th, 38th, 44th Poland ๐Ÿ‡ต๐Ÿ‡ฑ 2022-2025 K Active Kombek
33%
8th, 8th, 27th, 33rd, 69th Germany ๐Ÿ‡ฉ๐Ÿ‡ช 2020-2022 L Retired Letshe
33%
13th, 16th, 22nd, 31st, 32nd, 34th, 36th, 41st, 42nd Netherlands ๐Ÿ‡ณ๐Ÿ‡ฑ 2020-2024 M Semi-Retired Merijn
33%
5th, 6th, 7th, 9th, 14th, 17th, 18th, 21st, 24th Poland ๐Ÿ‡ต๐Ÿ‡ฑ 2021-2025 M Active Mikson
33%
3rd, 23rd, 36th, 37th Slovenia ๐Ÿ‡ธ๐Ÿ‡ฎ 2023-2025 M Active Misha
33%
21st, 30th France ๐Ÿ‡ซ๐Ÿ‡ท 2025-2026 M Active Momsy
33%
3rd, 4th, 7th, 10th, 11th, 11th, 11th, 12th, 14th, 14th, 17th, 18th, 19th, 20th, 25th, 41st United Kingdom ๐Ÿ‡ฌ๐Ÿ‡ง 2021-2026 N Active Nebs
33%
3rd, 18th, 21st, 29th France ๐Ÿ‡ซ๐Ÿ‡ท 2019-2021 N Retired Nikof
33%
6th, 10th, 11th, 13th, 27th, 37th, 37th, United Kingdom ๐Ÿ‡ฌ๐Ÿ‡ง 2023-2026 N Active Nxthan
33%
4th, 15th, 34th Norway ๐Ÿ‡ณ๐Ÿ‡ด 2019-2020 N Retired Nyhrox
33%
13th, 13thh, 13th, 15th, 23rd, 44th Poland ๐Ÿ‡ต๐Ÿ‡ฑ 2021-2023 P Semi-Retired Packo
33%
4th, 8th, 8th, 10th, 32nd, 42nd Russia ๐Ÿ‡ท๐Ÿ‡บ 2024-2026 P Active Panzer
33%
18th, 20th, 38th, 42nd Italy ๐Ÿ‡ฎ๐Ÿ‡น 2024-2025 P Active Predage
33%
18th, 38th Italy ๐Ÿ‡ฎ๐Ÿ‡น 2024-2025 R Active Rad3on
33%
18th, 21st Italy ๐Ÿ‡ฎ๐Ÿ‡น 2025 R Active Rax
33%
1st, 12th, 13th, 18th, 67th, 89th Lithuania ๐Ÿ‡ฑ๐Ÿ‡น 2019-2021 R Retired RedRush
33%
6th Finland ๐Ÿ‡ซ๐Ÿ‡ฎ 2026 R Active Repairs
33%
18th, 50th Italy ๐Ÿ‡ฎ๐Ÿ‡น 2024-2025 R Active Ricbor
33%
6th Belarus ๐Ÿ‡ง๐Ÿ‡พ 2026 S Active Shura
33%
3rd, 17th, 19th, 22nd, 27th France ๐Ÿ‡ซ๐Ÿ‡ท 2019-2021 S Retired Skite
33%
2nd, 9th, 10th, 10th, 11th, 12th, 19th, 21st, 22nd, 24th Denmark ๐Ÿ‡ฉ๐Ÿ‡ฐ 2019-2023 S Retired Skram
33%
11th, 12th, 16th, 20th, 21st, 25th, 35th, 35th Serbia ๐Ÿ‡ท๐Ÿ‡ธ 2023-2025 S Active Skvii
33%
1st, 9th, 9th, 11th, 13th, 34th Denmark ๐Ÿ‡ฉ๐Ÿ‡ฐ 2024-2026 S Active Sky
33%
1st, 3rd, 4th, 6th, 10th, 14th, 14th, 15th, 37th, 85th Austria ๐Ÿ‡ฆ๐Ÿ‡น 2019 S Retired Stompy
33%
1st, 2nd, 5th, 6th, 16th, 20th, 22nd, 28th, 39th, 47th Ukraine ๐Ÿ‡บ๐Ÿ‡ฆ 2019-2022 S Retired Stormyrite
33%
2nd, 3rd, 6th, 7th, 10th, 11th, 13th, 16th, 17th, 17th, 20th, 22nd, 24th, 46th Denmark ๐Ÿ‡ฉ๐Ÿ‡ฐ 2019-2025 T Active Trippernn
33%
1st Austria ๐Ÿ‡ฆ๐Ÿ‡น 2019 T Retired Tschinken
33%
6th, 6th, 8th, 30th Estonia ๐Ÿ‡ช๐Ÿ‡ช 2024-2025 U Active Upl
33%
25th, 32nd Serbia ๐Ÿ‡ท๐Ÿ‡ธ 2023-2024 V Semi-Retired Vaske1x
33%
4th, 25th, 27th, 31st, 31,st, 32nd, 41st, 44th, 92nd Germany ๐Ÿ‡ฉ๐Ÿ‡ช 2020-2023 V Semi-Retired Vortex
33%
1st, 9th, 13th, 30th, 36th, 69th Sweden ๐Ÿ‡ธ๐Ÿ‡ช 2019-2021 W Retired wakie
33%
13th, 15th, 19th France ๐Ÿ‡ซ๐Ÿ‡ท 2025-2026 W Active Werex
33%
2nd, 4th, 7th, 10th, 12th, 22nd, 23rd, 26th Sweden ๐Ÿ‡ธ๐Ÿ‡ช 2022-2025 W Active Wox
33%
4th, 9th, 18th, 19th, 22nd, 30th, 81st Romania ๐Ÿ‡ท๐Ÿ‡ด 2020-2025 Z Active zAndy
33%
18th, 19th, 22nd, 28th Italy ๐Ÿ‡ฎ๐Ÿ‡น 2022-2025 Z Active Zara
33%
1st, 13th, 24th Sweden ๐Ÿ‡ธ๐Ÿ‡ช 2019-2020 Z Retired znappy
33%
3rd, 11th, 59th France ๐Ÿ‡ซ๐Ÿ‡ท 2020-2021 A Retired AirkNn
0%
3rd, 20th, Switzerland ๐Ÿ‡จ๐Ÿ‡ญ 2019-2020 A Retired Airwaks
0%
3rd, 4th, 7th, 8th, 25th, 30th, 36th, 38th, 43rd Poland ๐Ÿ‡ต๐Ÿ‡ฑ 2019-2023 A Retired Artor
0%
13th, 17th, 20th, 27th, 27th, 31st, 33rd, 33rd France ๐Ÿ‡ซ๐Ÿ‡ท 2021-2025 A Active Artskill
0%
6th, 10th, 11th, 17th, 18th, 18th, 34th Sweden ๐Ÿ‡ธ๐Ÿ‡ช 2022-2025 B Active Bevvys
0%
10th, 15th, 16th, 24th, 34th 43rd Germany ๐Ÿ‡ฉ๐Ÿ‡ช 2022-2026 C Active Cheatiin
0%
8th, 49th United Kingdom ๐Ÿ‡ฌ๐Ÿ‡ง 2024-2026 C Active Cr1nge
0%
12th, 12th, 12th, 14th, 23rd, 26th Switzerland ๐Ÿ‡จ๐Ÿ‡ญ 2024-2026 C Active Cringe
0%
19th, 25th, 31st, 39th Russia ๐Ÿ‡ท๐Ÿ‡บ 2024-2026 D Active dandepuzo
0%
14th, 17th, 27th, 30th Denmark ๐Ÿ‡ฉ๐Ÿ‡ฐ 2023-2025 D Active Deckzee
0%
5th, 15th, 21st Sweden ๐Ÿ‡ธ๐Ÿ‡ช 2023-2024 D Active Dela
0%
14th, 17th, 19th, 25th Poland ๐Ÿ‡ต๐Ÿ‡ฑ 2025-2026 D Active dinus
0%
9th, 11th, 16th, 19th, 20th, 22nd, 29th, 47th, 91st France ๐Ÿ‡ซ๐Ÿ‡ท 2020-2023 D Retired DKS
0%
1st, 40th, 47th Sweden ๐Ÿ‡ธ๐Ÿ‡ช 2019-2020 D Retired drobban
0%
10th, 14th, 17th, 27th, 38th United Kingdom ๐Ÿ‡ฌ๐Ÿ‡ง 2022-2025 E Active Eclipse
0%
6th, 16th, 28th, 31st, 39th, 44th Russia ๐Ÿ‡ท๐Ÿ‡บ 2020-2023 F Active Fury Legendary
0%
6th, 13th, 24th, 28th, 32nd, 40th Germany ๐Ÿ‡ฉ๐Ÿ‡ช 2021-2025 G Active Gripey
0%
6th, 9th, 28th, 35th, 46th, Russia ๐Ÿ‡ท๐Ÿ‡บ 2022-2024 G Active Grolzz
0%
26th, 29th, 31st, 42nd Russia ๐Ÿ‡ท๐Ÿ‡บ 2023-2026 H Active Howly
0%
6th, 22nd, 23rd, 23rd, 30th, 37th, 40th Germany ๐Ÿ‡ฉ๐Ÿ‡ช 2022-2026 J Active Juu
0%
4th, 14th, 21st, 24th, 24th, 29th, 37th, 38th Estonia ๐Ÿ‡ช๐Ÿ‡ช 2021-2024 K Active Karmy
0%
3rd, 10th, 16th, 18th, 21st, 24th, 34th, 36th, 46th Netherlands ๐Ÿ‡ณ๐Ÿ‡ฑ 2022-2025 K Active Kiro
0%
6th, 9th, 13th, 14th, 27th, 28th, 31st, 37th, 48th Sweden ๐Ÿ‡ธ๐Ÿ‡ช 2022-2025 K Active Klown
0%
13th, 22nd Denmark ๐Ÿ‡ฉ๐Ÿ‡ฐ 2022-2024 K Active KovaaksXD
0%
5th, 5th, 24th, 25th Poland ๐Ÿ‡ต๐Ÿ‡ฑ 2019-2021 K Retired Kubx
0%
10th, 12th, 16th, 19th, 19th, 20th, 22nd, 28th, 29th, 33rd, 74th Germany ๐Ÿ‡ฉ๐Ÿ‡ช 2020-2025 K Active Kylie
0%
12th, 15th, 16th, 31st Italy ๐Ÿ‡ฎ๐Ÿ‡น 2023-2026 K Active Kyry
0%
7th, 12th, 27th, 19th Russia ๐Ÿ‡ท๐Ÿ‡บ 2019-2020 L Retired Letw1k3
0%
7th, 10th, 13th, 16th Sweden ๐Ÿ‡ธ๐Ÿ‡ช 2021-2025 M Active Mappi
0%
6th. 9th, 10th, 15th, 31st, 37th, 48th United Kingdom ๐Ÿ‡ฌ๐Ÿ‡ง 2020-2022 M Semi-Retired Michael
0%
21st, 25th, 28th, 29th, 29th Russia ๐Ÿ‡ท๐Ÿ‡บ 2022-2025 N Active NeFrizi
0%
2nd Norway ๐Ÿ‡ณ๐Ÿ‡ด 2019 P Retired Pate1k
0%
11th, 38th, 47th United Kingdom ๐Ÿ‡ฌ๐Ÿ‡ง 2024 P Active Prism
0%
9th, 9th, 21st, 25th, 31st, 42nd Finland ๐Ÿ‡ซ๐Ÿ‡ฎ 2020-2022 R Retired Raifla
0%
3rd, 4th, 5th, 13th, 88th Poland ๐Ÿ‡ต๐Ÿ‡ฑ 2019-2021 R Retired Rakso
0%
2nd, 10th, 11th, 13th, 18th, 19th, 21st, 22nd, 30th, 37th, 40th Denmark ๐Ÿ‡ฉ๐Ÿ‡ฐ 2020-2023 R Active Refsgaard
0%
2nd, 12th Sweden ๐Ÿ‡ธ๐Ÿ‡ช 2019 R Retired Ritz
0%
6th, 9th, 12th, 27th, 30th, 32nd Sweden ๐Ÿ‡ธ๐Ÿ‡ช 2021-2025 R Active Robban
0%
16th, 19th, 33rd, 44th Germany ๐Ÿ‡ฉ๐Ÿ‡ช 2024-2025 R Active Robin
0%
23rd, 25th, 28th, 36th Ukraine ๐Ÿ‡บ๐Ÿ‡ฆ 2022-2025 S Active S1ned
0%
5th, 10th, 15th, 15th, 33rd, 80th Russia ๐Ÿ‡ท๐Ÿ‡บ 2020-2021 S Retired Safik
0%
4th, 22nd, 24th, 34th, 36th, Denmark ๐Ÿ‡ฉ๐Ÿ‡ฐ 2022-2025 S Active Sangild
0%
16th, 17th, 18th, 27th, 28th, 30th, 31st, 34th, France ๐Ÿ‡ซ๐Ÿ‡ท 2021-2026 S Active Shaykoz
0%
4th, 5th, 7th, 7th, 15th France ๐Ÿ‡ซ๐Ÿ‡ท 2019-2025 S Active Snayzy
0%
6th, 7th, 8th, 12th, 22nd, 24th, 59th Denmark ๐Ÿ‡ฉ๐Ÿ‡ฐ 2019-2022 S Retired Swag
0%
10th, 16th, 19th, 21st, 32nd, 46th Germany ๐Ÿ‡ฉ๐Ÿ‡ช 2023-2025 T Active Trexer
0%
8th, 26th, 28th, 43rd United Kingdom ๐Ÿ‡ฌ๐Ÿ‡ง 2023-2026 T Active Twi
0%
3rd Switzerland ๐Ÿ‡จ๐Ÿ‡ญ 2019-2020 V Retired Vato
0%
3rd, 6th, 6thh, 9th, 16th United Kingdom ๐Ÿ‡ฌ๐Ÿ‡ง 2019-2021 V Retired Verox
0%
12th, 12th, 14th, 19th, 29th, 38th, 39th Germany ๐Ÿ‡ฉ๐Ÿ‡ช 2023-2026 V Active Volko
0%
17th, 28th, 39th Russia ๐Ÿ‡ท๐Ÿ‡บ 2023-2025 W Active Wheat
0%
No matching quizzes found
Score Distribution
Percent of People with Each Score
Percentile by Number Answered
Your Score History
You have not taken this quiz